000 01351nam a2200121Ia 4500
008 220620s9999||||xx |||||||||||||| ||und||
245 0 _aInternet of Things and Artificial Intelligence in Transportation Revolution
546 _aEnglish[eng]
650 _adecision-making||autonomous navigation||collision avoidance||scene division||deep reinforcement learning||maritime autonomous surface ships||internet of things||crowdsourcing||indoor localization||data fusion||security||authentication||Inertial Measurement Units||road transportation||traffic signal control||speed guidance||vehicle arrival time||connected vehicle||unmanned ships||DDPG||autonomous path planning||end-to-end||at-risk driving||deep support vector machine||driver drowsiness||driver stress||multi-objective genetic algorithm||multiple kernel learning||urban freeway||hybrid dynamic system||state transition||unknown inputs observer||vehicle density||maritime vessel flows||intelligent transportation systems||deep learning||automatic license plate recognition||intelligent vehicle access||histogram of oriented gradients||artificial neural networks||convolutional neural networks||time-frequency||Inertial Measurement Unit (IMU)||road anomalies||n/a
700 _aLytras, Miltiadis||Chui, Kwok Tai||Liu, Ryan Wen
856 _uhttps://mdpi.com/books/pdfview/book/3591
942 _cEB
999 _c34897
_d34897